Score 0/12 Timer 01:00
2 Plays Today
Clue 4-Letter Word % Correct
β Greek Letter βBETA
94.8%
Leonardo's '___ Lisa'MONA
89.2%
Not yoursMINE
87.3%
Jonathan Harker's wife in 'Dracula'MINA
68.8%
ζ Greek Letter ζZETA
67.8%
'Mambo #5' singer LouBEGA
63.4%
Prefix meaning one-million timesMEGA
63.1%
A small pesty arachnidMITE
51.3%
Prefix for things that refer back to themselvesMETA
45%
ι Greek Letter ιIOTA
43.8%
Scottish island of the Inner HebridesIONA
40.3%
Dole outMETE
38.3%

Today's Daily Dose

Remove Ads.
Support Sporcle.
Get the best of Sporcle when you Go Orange. This ad-free experience offers more features, more stats, and more fun while also helping to support Sporcle. Thank you for becoming a member.

You're not logged in!

Compare scores with friends on all Sporcle quizzes.
OR
Log In

Show Comments

Extras

Top Quizzes Today


Score Distribution

Your Account Isn't Verified!

In order to create a playlist on Sporcle, you need to verify the email address you used during registration. Go to your Sporcle Settings to finish the process.

Report this User

Report this user for behavior that violates our Community Guidelines.

Details: